Italienisches, europaisches und internationales Immaterialguterrecht (Record no. 48884)

MARC details
000 -LEADER
fixed length control field 02225nam a2200289Ia 4500
000 - LEADER
fixed length control field 03653naaa 00625uu
001 - CONTROL NUMBER
control field https://directory.doabooks.org/handle/20.500.12854/35403
005 - DATE AND TIME OF LATEST TRANSACTION
control field 20260218105758.0
008 - FIXED-LENGTH DATA ELEMENTS--GENERAL INFORMATION
fixed length control field 211013s9999 xx 000 0 und d
020 ## - INTERNATIONAL STANDARD BOOK NUMBER
International Standard Book Number 978-3-662-62179-0
024 ## - OTHER STANDARD IDENTIFIER
Standard number or code 10.1007/978-3-662-62179-0
042 ## - AUTHENTICATION CODE
Authentication code dc
245 #0 - TITLE STATEMENT
Title Italienisches, europaisches und internationales Immaterialguterrecht
260 ## - PUBLICATION, DISTRIBUTION, ETC.
Name of publisher, distributor, etc. Springer Nature
Date of publication, distribution, etc. 2021
300 ## - PHYSICAL DESCRIPTION
Extent 1 electronic resource (254 p.)
520 ## - SUMMARY, ETC.
Summary, etc. Dieser Open Access Band bietet sowohl deutsch- als auch italienischsprachige Beitrage zu wesentlichen Bereichen des gewerblichen Rechtsschutzes und des Urheberrechts aus der Sicht des deutschen, italienischen und osterreichischen Rechts sowie zum TRIPS-Abkommen samt einem Blick auf das vorlaufig in Kraft getretene Handelsabkommen zwischen Kanada und der Europaischen Union (CETA). Ein Schwerpunkt ist Schadenersatzanspruchen aus der Verletzung von Immaterialguterrechten gewidmet, wobei die bei grenzuberschreitenden Sachverhalten auftretenden Fragen der internationalen Gerichtszustandigkeit und des Kollisionsrechts speziell behandelt werden. Daruber hinaus werden Bezuge zum italienischen Verfassungsrecht sowie zum europaischen Wettbewerbsrecht hergestellt und auch wirtschaftsstrafrechtliche Aspekte angesprochen. Schlie lich wird ein Ausblick auf die zukunftige Entwicklung des internationalen Immaterialguterrechts in der Europaischen Union gegeben. Ausgangspunkt fur das Buch bildete der vom Internationalen Forum fur Wirtschaftsrecht getragene 1. Bozner Wirtschaftsrechtstag, bei dem besonderes Augenmerk auf die Beruhrung des deutschsprachigen Rechts- und Wirtschaftsraumes mit dem italienischen gelegt wird.
540 ## - TERMS GOVERNING USE AND REPRODUCTION NOTE
Terms governing use and reproduction Creative Commons
653 ## - INDEX TERM--UNCONTROLLED
Uncontrolled term IT Law, Media Law, Intellectual Property
700 1# - ADDED ENTRY--PERSONAL NAME
Personal name Laimer, Simon
700 1# - ADDED ENTRY--PERSONAL NAME
Personal name Laimer, Simon
700 1# - ADDED ENTRY--PERSONAL NAME
Personal name Laimer, Simon
700 1# - ADDED ENTRY--PERSONAL NAME
Personal name Perathoner, Christoph
700 1# - ADDED ENTRY--PERSONAL NAME
Personal name Perathoner, Christoph
856 ## - ELECTRONIC LOCATION AND ACCESS
Uniform Resource Identifier <a href="https://docs.google.com/spreadsheets/d/1yKIrdCPDAG_9c22mwoOIO2DOhtj65Wqa/edit?usp=sharing&ouid=106555315294820607512&rtpof=true&sd=true ">https://docs.google.com/spreadsheets/d/1yKIrdCPDAG_9c22mwoOIO2DOhtj65Wqa/edit?usp=sharing&ouid=106555315294820607512&rtpof=true&sd=true </a>
Link text List of Curated E-Books
942 ## - ADDED ENTRY ELEMENTS (KOHA)
Koha item type E-Book
Holdings
Withdrawn status Source of classification or shelving scheme Damaged status Not for loan Home library Current library Date acquired Total Checkouts Date last seen Price effective from Koha item type
  Library of Congress Classification   Not For Loan Directory of Open Access Books Directory of Open Access Books 12/22/2021   12/22/2021 12/22/2021 E-Book

University of Rizal System
Email us at univlibservices@urs.edu.ph

Visit our Website www.urs.edu.ph/library